Синтез и применение кобальт- и полиоксомолибдат-содержащих алюмооксидных систем; Проблемы геологии и освоения недр; Т. 2

Detalles Bibliográficos
Parent link:Проблемы геологии и освоения недр=Problems of Geology and Subsurface Development: труды XXIV Международного симпозиума имени академика М. А. Усова студентов и молодых учёных, посвященного 75-летию Победы в Великой Отечественной войне, Томск, 6-10 апреля 2020 г./ Национальный исследовательский Томский политехнический университет, Инженерная школа природных ресурсов ; гл. ред. А. С. Боев ; под ред. Е. Ю. Пасечник.— , 2020
Т. 2.— 2020.— [С. 249-250]
Autor Principal: Нальгиева Х. В. Хава Висангиреевна
Autor Corporativo: Национальный исследовательский Томский политехнический университет Инженерная школа природных ресурсов Отделение химической инженерии
Outros autores: Журавков С. П. Сергей Петрович (научный руководитель), Восмериков А. В., Акимов А. С.
Summary:Заглавие с экрана
Idioma:ruso
Publicado: 2020
Series:Современные технологии подготовки и переработки природных ресурсов
Углеводородное сырье
Subjects:
Acceso en liña:http://earchive.tpu.ru/handle/11683/62980
Formato: MixedMaterials Electrónico Capítulo de libro
KOHA link:https://koha.lib.tpu.ru/cgi-bin/koha/opac-detail.pl?biblionumber=631499

MARC

LEADER 00000naa2a2200000 4500
001 631499
005 20240118134310.0
035 |a (RuTPU)RU\TPU\conf\33200 
035 |a RU\TPU\conf\33193 
090 |a 631499 
100 |a 20200904d2020 k y0rusy50 ca 
101 0 |a rus 
102 |a RU 
105 |a y z 100zy 
135 |a drgn ---uucaa 
181 0 |a i  
182 0 |a b 
200 1 |a Синтез и применение кобальт- и полиоксомолибдат-содержащих алюмооксидных систем  |f Х. В. Нальгиева, С. П. Журавков, А. В. Восмериков  |g науч. рук. А. С. Акимов 
203 |a Текст  |c электронный 
225 1 |a Современные технологии подготовки и переработки природных ресурсов 
225 1 |a Углеводородное сырье 
300 |a Заглавие с экрана 
320 |a [Библиогр.: с. 249-250 (5 назв.)] 
338 |b Министерство науки и высшего образования Российской Федерации  |d V.46.2.1 
461 1 |0 (RuTPU)RU\TPU\conf\32983  |t Проблемы геологии и освоения недр  |l Problems of Geology and Subsurface Development  |o труды XXIV Международного симпозиума имени академика М. А. Усова студентов и молодых учёных, посвященного 75-летию Победы в Великой Отечественной войне, Томск, 6-10 апреля 2020 г.  |o в 2 т.  |f Национальный исследовательский Томский политехнический университет, Инженерная школа природных ресурсов ; гл. ред. А. С. Боев ; под ред. Е. Ю. Пасечник  |d 2020 
463 1 |0 (RuTPU)RU\TPU\conf\32985  |t Т. 2  |v [С. 249-250]  |d 2020 
610 1 |a труды учёных ТПУ 
610 1 |a электронный ресурс 
610 1 |a синтез 
610 1 |a алюмооксидные системы 
610 1 |a нефтяное сырье 
610 1 |a мазуты 
610 1 |a катализаторы 
610 1 |a нефтепереработка 
610 1 |a каталитические системы 
700 1 |a Нальгиева  |b Х. В.  |c химик-технолог  |c учебный мастер Томского политехнического университета  |f 1997-  |g Хава Висангиреевна  |3 (RuTPU)RU\TPU\pers\46558 
701 1 |a Журавков  |b С. П.  |c химик  |c ведущий научный сотрудник, доцент Томского политехнического университета, кандидат химических наук  |f 1961-  |g Сергей Петрович  |3 (RuTPU)RU\TPU\pers\28225  |9 13178 
701 1 |a Восмериков  |b А. В. 
702 1 |a Акимов  |b А. С.  |4 727 
712 0 2 |a Национальный исследовательский Томский политехнический университет  |b Инженерная школа природных ресурсов  |b Отделение химической инженерии  |3 (RuTPU)RU\TPU\col\23513 
801 2 |a RU  |b 63413507  |c 20200925  |g RCR 
856 4 |u http://earchive.tpu.ru/handle/11683/62980 
942 |c BK